000 00507nam a2200193 a 4500
001 23790
003 CO-ViMGA
008 141112s2004 ck r 000 u spa d
020 _a9789706418371
040 _aCO-ViMGA
_bspa
_cCO-ViMGA
082 0 4 _aCARa1
100 1 _aCarrera, Eduardo
_934420
245 1 0 _aLa araña viajera /
_cEduardo Carrera
260 _aMéxico :
_beditorial progreso S.A
300 _a24p.
490 _aRehilete
650 1 4 _aCUENTOS INFANTILES ARGENTINOS
_916313
942 _2ddc
_cBK
999 _c31873
_d31873